International Comparisons of Input-Output Structures Switzerland, Czecho-Slovakia, Slovakia
Salvato in:
| Natura: | Libro |
|---|---|
| Lingua: | inglese |
| Pubblicazione: |
Bratislava
Prognostický ústav SAV
1993
|
| Edizione: | 1. ed. |
| Serie: | Pracovné materiály
Č.20 |
| Soggetti: | |
| Tags: |
Nessun Tag, puoi essere il primo ad aggiungerne!!
|
MARC
| LEADER | 00000nam a2200000 4500 | ||
|---|---|---|---|
| 001 | c004439 | ||
| 005 | 20221221080224.3 | ||
| 041 | 0 | |a eng | |
| 044 | |a SK | ||
| 245 | 1 | 0 | |a International Comparisons of Input-Output Structures |b Switzerland, Czecho-Slovakia, Slovakia |
| 250 | |a 1. ed. | ||
| 264 | 1 | |a Bratislava |b Prognostický ústav SAV |c 1993 | |
| 300 | |a 15 s. | ||
| 490 | 1 | |a Pracovné materiály |v Č.20 | |
| 830 | 0 | |a Pracovné materiály |v Č.20 | |
| 610 | 2 | 0 | |a metóda input-output |
| 610 | 2 | 0 | |a modely input-output |
| 610 | 2 | 0 | |a Švajčiarsko |
| 610 | 2 | 0 | |a ČSFR |
| 610 | 2 | 0 | |a Slovensko |
| 610 | 2 | 0 | |a porovnanie štatistické medzinárodné |